| 000 | 00717nam a2200145Ia 4500 | ||
|---|---|---|---|
| 008 | 100122s9999 xx 000 0 und d | ||
| 082 |
_b59029 _a613 |
||
| 100 | _aदुर्गे विनायक | ||
| 245 | _aप्रमुख रोगांचा परिचय आणि सुलभ घरगुती उपचार | ||
| 260 |
_bविद्या विकास मंडळ प्रकाशन _c2000 |
||
| 300 | _a231 | ||
| 630 | _aप्रमुख रोगांचा परिचय आणि सुलभ घरगुती उपचार | ||
| 730 | _aप्रमुख रोगांचा परिचय आणि सुलभ घरगुती उपचार | ||
| 942 | _cBOOK | ||
| 999 |
_c434733 _d434730 |
||